00827nam a2200217Ii 45000010005000000030009000050080041000140400033000550410008000880840011000961000033001072450094001402640077002343000012003113360026003233370028003493380027003779400050004049990017004549520138004717567CO-ViMGA241108s9999||||xx |||||||||||||| ||und|| aCO-ViMGAbspaerdacCO-ViMGA0 aunk aB-S3341 aFrancisco de Paula Santander10aDiario del general Francisco de Paula Santander en Europa y los Estados unidos 18229-1832 1a[Lugar de publicación no identificado] : Banco de la República, 1963 avolumen atextbtxt2rdacontent aunmediatedbn2rdamedia avolumebnc2rdacarrier aidficha_siabuc: 7392. -- ficha_no_siabuc:7567 c51670d51670 001040708001aMEVIGERRbMEVIGERRcGENd2006-11-27hVol.1oB-S334pECA7584r2024-11-26 10:08:31tEj.1w2024-11-26yBKz7392 | 10416